Early Urdu Literary Culture and History (Record no. 15224)

MARC details
000 -LEADER
fixed length control field 00643nam a2200241 a 4500
020 ## - INTERNATIONAL STANDARD BOOK NUMBER
ISBN 0195650
082 00 - DEWEY DECIMAL CLASSIFICATION NUMBER
Classification number 891.43909
Author Cutter FAR
100 ## - MAIN ENTRY--AUTHOR NAME
Author name Faruqi, Shamsur Rahman
245 ## - TITLE STATEMENT
Title Early Urdu Literary Culture and History
260 ## - PUBLICATION, DISTRIBUTION, ETC. (IMPRINT)
Place of publication New Delhi
Name of publisher Oxford University Press
Year of publication 2001
300 ## - PHYSICAL DESCRIPTION
Number of Pages 211p
500 ## - GENERAL NOTE
General note includes index and biblioraphy
505 2# - FORMATTED CONTENTS NOTE
Formatted contents note Index of Names
650 ## - SUBJECT ADDED ENTRY--TOPICAL TERM
Topical Term Urdu-Literature-history
942 ## - ADDED ENTRY ELEMENTS (KOHA)
Koha item type Books
700 1# -
-- Faruqi, Shamsur Rahman
Holdings
Collection code Home library Current library Date acquired Cost, normal purchase price Full call number Accession Number Koha item type
  Henry Martyn Institute Library Henry Martyn Institute Library 06/22/2007 395.00 891.43909 FAR 020167 Books
                   Copyright © 2026 | Henry Martyn Institute | Hyderabad | TS-500052 | INDIA | Implemented by hmi.edu.in
Hit-Count:

Powered by Koha